000 00464nam a2200181Ia 4500
005 20250326125447.0
008 250326s9999 xx 000 0 und d
037 _aTextbook
040 _aFMSL
_beng
_cFMSL
041 _aeng
_2eng
084 _aY L21
_qFMSL
100 _aKlein A F
_9739133
245 0 _aEffective groupwork
_cKlein A F
260 _aNY
_bNY, Association
_c1972
300 _a384p
942 _cTB
_hY L21
999 _c1278162
_d1278162